1093 1162 1751 1269 1017 1081 1521 1862 1105 1909 1065 1046 1882 1213 1089 1368 1226 1016 1142 1392 1350 1099 1246 1772 1747 1983 1761 1559 1783 1675 1151 1054 1573 1354 1356 1874 1220 1578 1934 1818 1030 1493 1830 1434 1823 1483 1152 1351 1608 1439 1452 1671 1286 1138 1599 1901 1757 1420 1445 1197 1963 1242 1218 1840 1299 1791 1592 1423 1711 1098 1518 1939 1392 1861 1212 1105 1740 1290 1942 1785 1408 1993 1037 1879 1978 1058 1977 1771 1356 1206 1690 1745 1661 1387 1164 1844 1747 1573 1252 BCNSPRNW ULIB Ver.6.0+V

เปลี่ยนเป็นภาษาไทย

Change to English
 แสดงรายละเอียดบรรณานุกรม
  กลับหน้าหลัก

Brief Record : Get Marc (ISO 2709) : E-mail record : QR code < ปิดหน้าต่าง
LEADER : 00000nam 2200000uu 4500
001    13399114367
003     ULIB
008    120326s2544||||th 000 0 tha d
020    ^a9746133748
060 04 ^aWA400^bม226ส ล.1 2544
100 0  ชัยยุทธ ชวลิตนิธิกุล
245 10 ^aสุขศาสตร์อุตสาหกรรมพื้นฐาน =^bFundamentals of industrial ล.1 /^cชัยยุทธ ชวลิตนิธิกุล
246 31 ^aFundamentals of industrial hygiene
250    ^aพิมพ์ครั้งที่ 9
260    ^a[นนทบุรี] :^bสำนักพิมพ์มหาวิทยาลัยสุโขทัยธรรมาธิราช,^c2544
300    ^a2 ล. :^bภาพประกอบ ;^c30 ซม.
500    ^a"เอกสารการสอนชุดวิชา 54104 หน่วยที่ 1-8, 9-15" -- หน้าปกใน
500    ^aสิ่งพิมพ์ของ มหาวิทยาลัยสุโขทัยธรรมาธิราช
500    ^aSend to Single Search
591    ^aLICL มีปี 2533
591    ^aLIAD มีปี 2544
650  4 ^aความปลอดภัยในงานอุตสาหกรรม
650  4 ^aเวชศาสตร์อุตสาหกรรม
650  4 ^aสุขศาสตร์อุตสาหกรรม
700 0  ^aชัยยุทธ ชวลิตนิธิกุล
710 2  ^aมหาวิทยาลัยสุโขทัยธรรมาธิราช.^bสาขาวิชาวิทยาศาสตร์สุขภาพ
945    ^p0^l0^i10459
945    ^p0^l0^i10460
945    ^p0^l0^i10461
945    ^p0^l0^i10462
995    ^aกัณชพร
999    ^aใช้งานได้ทุกระบบ
รายการนี้ยังไม่มีแท็ก
คุณยังไม่ได้ล็อกอิน คุณสามารถมีกิจกรรมร่วมกับเว็บไซต์ได้ แต่ต้องล็อกอินก่อน ::
  ล็อกอิน

รายการสื่อสารสนเทศ

ลำดับที่ ประเภท เลขเรียก/บาร์โค้ด สถานที่ สถานะ
- ไม่พบข้อมูล -

รายการใกล้เคียง
    ผู้แต่ง [ชัยยุทธ ชวลิตนิธิกุล]

    หัวเรื่อง [ความปลอดภัยในงานอุตสาหกรรม]
    หัวเรื่อง [เวชศาสตร์อุตสาหกรรม]
    หัวเรื่อง [สุขศาสตร์อุตสาหกรรม]

BibComment


ยังไม่เคยถูกคอมเมนท์

คอมเมนท์ทรัพยากรรายการนี้
  คอมเมนท์: สุขศาสตร์อุตสาหก..


 Copyright 2026. Bcnsprnw @Library